00193nam a2200085Ia 4500008004100000100001300041245003400054260001000088260000900098180219s9999 xx 000 0 und d aBaskar K 0aSwasthya Avam Saririk Shiksha aR Lal c2012